000 00527nam a2200193Ia 4500
003 OSt
005 20231021122039.0
008 210210b2004 xxu||||| |||| 00| 0 eng d
040 _cAL
041 _aTulu
082 _aT894.3 MUDS
100 _aMUDDU MUDUBELLE.
_9139148
245 _aSatyada suriya sayada pagari.
_bಸತ್ಯದ ಸುರಿಯ ಸಾಯದ ಪಗರಿ
260 _aBelle
_bSahitya Samskrati Vedike
_c2004
300 _a100
690 _aTulu Fiction
_9139149
906 _a061637
942 _2ddc
_cBK
999 _c108683
_d108683